Sadzobník pre navrhovanie ponukových cien projektových prác a inžinierskych činností novela 1999

Bibliographic Details
Format: Book
Language:Slovak
PhysicalDescription:141 s. tab. 21 cm
Published: Bratislava R UNIKA 1999
ISBN:8088966000
Subjects:

MARC

LEADER 00000nam a2200000 a 4500
001 vtls001364832
003 SK-MaSNL
005 20260302071157.0
008 160415s1999 xo a r y 0 slo
015 |a SNBF2000/02-00432 
020 |a 8088966000 
035 |a SNK000318482 
040 |a SNK  |b slo  |c SNK  |e AACR2 
041 0 |a slo 
044 |a xo  |c SK 
080 |a 72.011(085.7)  |2 1981 
245 1 |a Sadzobník pre navrhovanie ponukových cien projektových prác a inžinierskych činností  |b novela 1999 
260 |a Bratislava  |b R UNIKA  |c 1999 
300 |a 141 s.  |b tab.  |c 21 cm 
650 0 7 |a práce projektové  |x cenníky  |2 SNK  |9 732580 
919 |a 80-88966-00-0 
958 |a FCE 
958 |a TL 
999 |c 1150842  |d 1152772 
952 |t P60, <03>, [BOOK], {603}  |a SNK  |b SNK  |y PREZ  |7 0  |p 17A0197829  |o snkOSC 20259  |i snkKSP 6296/99  |0 0  |1 0  |4 0  |d 1999-06-09  |l 0  |r 2005-01-02 00:00:00  |w 2026-02-24 
952 |t P60, <04>, [BOOK], {604}  |a SNK  |b SNK  |y VYP  |7 0  |p 17A0197830  |o snkOSC 20259 D1  |i snkKSP 6297/99  |0 0  |1 0  |4 0  |d 1999-06-09  |l 0  |r 2005-01-02 00:00:00  |w 2026-02-24